000 00735nam a2200217 a 4500
001 BRCA_7325
005 20190320205808.0
008 220812s2005----u--a######---#000-0#eng-#
020 _a1932543031
041 _aeng
044 _au
050 4 _aN514.A8
_b.H54 2005
245 1 0 _aHigh Museum of Art
_bselected works from the collection.
260 _aAtlanta, Georgia
_bHigh Museum of Art
_c2005
300 _a176 p.
_bil. (algunas a color)
_c29 cm.
500 _aIncluye índice de artistas, diseñadores y fabricantes
500 _aIncluye postal con dedicatoria al Lic. Héctor Rivero Borrell M.
610 2 4 _aHigh Museum of Art
_vExposiciones
_918118
650 1 4 _aArte
_vExposiciones
_zGeorgia - Atlanta
_918119
942 _2lcc
_cB
999 _c7001
_d7001